Obytný súbor Rínok Rača
Salvato in:
| Autore principale: | |
|---|---|
| Altri autori: | |
| Natura: | Manoscritto Libro |
| Lingua: | slovacco |
| Pubblicazione: |
2021
|
| Soggetti: | |
| Accesso online: | http://is.stuba.sk/zp/portal_zp.pl?podrobnosti=158638 https://opac.crzp.sk/?fn=detailBiblioForm&sid=7E417B54B864B7C45224F74635AB |
| Tags: |
Nessun Tag, puoi essere il primo ad aggiungerne!!
|
MARC
| LEADER | 00000ntm a22000003a 4500 | ||
|---|---|---|---|
| 001 | stuzp85815 | ||
| 003 | SK-STU | ||
| 005 | 20230516082955.4 | ||
| 007 | ta | ||
| 008 | 150427s2015----xo-----f-mn---000-0-slo-d | ||
| 040 | |a STU |b slo | ||
| 041 | 0 | |a slo | |
| 100 | 1 | |a Švolík, Milan |u 010270 |4 aut |U SvF Stavebná fakulta |T SvF Katedra technológie stavieb |X 75539 |U V270 |Y 28 |7 75539 | |
| 242 | 0 | 1 | |a Residential complex Rínok Rača |y eng |
| 245 | 1 | 0 | |a Obytný súbor Rínok Rača |
| 260 | |c 2021 | ||
| 650 | 4 | |a Stavebno-technologický projekt |2 slo | |
| 650 | 4 | |a Časový harmonogram |2 slo | |
| 650 | 4 | |a 3D Betónová tlač |2 slo | |
| 650 | 4 | |a Construction-technological project |2 eng | |
| 650 | 4 | |a 3D concrete printing |2 eng | |
| 650 | 4 | |a Histograms of employees |2 eng | |
| 700 | 1 | |a Makýš, Peter |u 010270 |k Z1 |4 ths |U SvF Stavebná fakulta |T SvF Katedra technológie stavieb |X 2751 |U V270 |Y 28 |7 A000002751 | |
| 856 | 4 | |u http://is.stuba.sk/zp/portal_zp.pl?podrobnosti=158638 | |
| 856 | 4 | |u https://opac.crzp.sk/?fn=detailBiblioForm&sid=7E417B54B864B7C45224F74635AB | |